000 07537namaa22004571i 4500
003 EG-GICUC
005 20260427213807.0
008 260427s2025 ua a|||frm||| 000 0 eng d
040 _aEG-GICUC
_beng
_cEG-GICUC
_dEG-GICUC
_erda
041 0 _aeng
_beng
_bara
049 _aDeposit
082 0 4 _a615.82
092 _a615.82
_221
097 _aPh.D
099 _aCai01.21.03.Ph.D.2025.Ta.E
100 0 _aTamer Mohamed Abdel Aziz Mohsen,
_epreparation.
245 1 0 _aEffect of eye- cervical proprioceptive training program on cervical sensorimotor control dysfunction.
_bRemainder of title /
_cby Tamer Mohamed Abdel Aziz Mohsen ; Supervisors Prof. Dr. Mohammad Sadik Badawy, Prof. Dr. Wael Salah Shendy, Prof.Dr. Rania Mohamed Tawfik Rashad, Dr. Ayman Salah Sharf.
246 1 5 _aتأثير برنامج تدريب المستقبلات الحسية العميقة للعين – العنق على اعتلال التحكم الحسي الحركي للعنق
264 0 _c2025.
300 _a164 pages :
_billustrations ;
_c25 cm. +
_eCD.
336 _atext
_2rda content
337 _aUnmediated
_2rdamedia
338 _avolume
_2rdacarrier
502 _aThesis (Ph.D)-Cairo University, 2025.
504 _aBibliography: pages 132-162.
520 3 _aBACKGROUND: Proprioceptive training is commonly incorporated into rehabilitation programs; however, its effect on pain sensitivity, cervical range of motion (ROM), and perceived pain in individuals with cervical sensorimotor dysfunction remains insufficiently explored. PURPOSE: This study aimed to examine the effectiveness of combining an Eye-Cervical Proprioceptive Training Program (ECPTP) with a multimodal physiotherapy intervention (MPI) on pressure pain threshold (PPT), cervical ROM, and pain intensity in individuals with cervical sensorimotor control dysfunction. METHODS: Fifty participants (aged 25–40 years) with chronic neck pain were randomly assigned to two equal groups: a study group and a control group. Both groups received a standardized multimodal physiotherapy intervention, while the study group additionally performed an eye-cervical proprioceptive training program. PPT was measured using a Baseline Algometer, cervical ROM was assessed with the CROM-3 device, and pain intensity was evaluated using the McGill Pain Questionnaire (MPQ). All outcomes were assessed pre-treatment, post-treatment, and at a 3-month follow-up. RESULTS: The study group demonstrated significantly greater improvements in PPT across all assessed muscles (upper trapezius, levator scapulae, and splenius capitis bilaterally) compared with the control group. Cervical ROM improved significantly in flexion, extension, lateral bending, and rotation in both groups, with superior IV gains observed in the study group. MPQ scores decreased significantly in both groups; however, the reduction was more pronounced in the study group both immediately post-treatment and at follow-up. CONCLUSION: Integrating an Eye-Cervical Proprioceptive Training Program with multimodal physiotherapy appears to be more effective than multimodal physiotherapy alone in increasing pressure pain threshold, enhancing cervical ROM, and reducing pain intensity in individuals with cervical sensorimotor control dysfunction.
520 3 _aالخلفية:يُستخدم تدريب الحس العميق على نطاق واسع كطريقة للتمارين العلاجية. ومع ذلك، فإن تأثيره على تقليل حساسية الألم،وتحسين مدى الحركةوتقليل الألم لم يتم التحقيق فيه على نطاق واسع. الغرض: تهدف هذه الدراسة إلى فحص فعالية دمج برنامج تدريب الحس العميق بين العين والرقبة مع العلاج الطبيعي المتعدد الوسائط لزيادة عتبة ضغط الألم، وتحسين مدى الحركة العنقي، وتقليل الألم لدى الأفراد الذين يعانون من خلل في التحكم الحسي الحركي للعنق. الطريقة:تم اختيار خمسين مشاركًا يعانون من ألم مزمن في الرقبة، تتراوح أعمارهم بين 25 و40 سنة، وتم توزيعهم عشوائيًا إلى مجموعتين متساويتين (دراسة وضابطة). تلقى جميع المشاركين في كلا المجموعتين علاجًا طبيعيًا متعدد الوسائط. بالإضافة إلى ذلك، أدت مجموعة الدراسة برنامج تمرينات خاص يدمج تدريب الحس العميق للعين-العنق.تم تقييم عتبة ضغط الألم باستخدام جهاز قياس الألم بالضغط ، وتم قياس مدى الحركة العنقي باستخدام جهاز قياس مدى حركة الرقبة . أما شدة الألم فقد تم تقييمها باستخدام استبيان مقياس الألم لماكجيل .أُجريت التقييمات لجميع المتغيرات قبل العلاج، وبعده مباشرة، وبعد ثلاثة أشهر (للمتابعة). النتائج:أظهرت النتائج زيادة ملحوظة في عتبة ضغط الألم في العضلتين شبه المنحرفتين العلويتين اليمنى واليسرى، وعضلتي رافع الكتف اليمنى واليسرى، والعضلتين الشوكيّتين الرأسيّتين اليمنى واليسرى. كما تحسّن مدى الحركة العنقي بشكل ملحوظ في اتجاهات الثني، والامتداد، والانحناء الجانبي الأيمن والأيسر، والدوران الأيمن والأيسر. علاوة على ذلك، لوحظ انخفاض معنوي في درجات استبيان ماكجيل للألم في كلٍّ من مجموعتي الدراسة والضابطة، غير أن مجموعة الدراسة أظهرت تحسنًا أكبر في جميع المتغيرات بعد التدخل وبعد متابعة ثلاثة أشهر.. الاستنتاجات:يبدو أن دمج برنامج تدريب الحس العميق للعين-العنق مع العلاج الطبيعي المتعدد الوسائط يُعد تدخلًا أكثر فاعلية في زيادة عتبة ضغط الألم ، وتعزيز مدى الحركة العنقي ، وتقليل ألم الرقبة لدى المرضى الذين يعانون من خلل في التحكم الحسي الحركي للعنق.
530 _aIssues also as CD.
546 _aText in English and abstract in Arabic & English.
650 0 _aPhysical Therapy
650 0 _aالعلاج الطبيعي
653 1 _aproprioceptive training
_acervical sensorimotor dysfunction
_achronic neck pain
_aCROM
_apressure pain threshold
_aتدريب الحس العميق
_aآلام الرقبة المزمنة
700 0 _aMohammad Sadik Badawy
_ethesis advisor.
700 0 _aWael Salah Shendy
_ethesis advisor.
700 0 _aRania Mohamed Tawfik Rashad
_ethesis advisor.
700 0 _aAyman Salah Sharf
_ethesis advisor.
900 _b01-01-2025
_cMohammad Sadik Badawy
_cWael Salah Shendy
_cRania Mohamed Tawfik Rashad
_cAyman Salah Sharf
_UCairo University
_FFaculty of Physical Therapy
_DDepartment of Physical Therapy for Neurology and Neurosurgery
905 _aShimaa
942 _2ddc
_cTH
_e21
_n0
999 _c179778